00499nam a2200181Ia 4500003000900000008004100009020002200050040001600072080002200088100001600110245003400126260002500160300001600185490002400201650002900225650001200254650005100266IN-BaIIA211028s9999 xx 000 0 eng d a978-3-319-00974-2 cIIA Library a523.43:82-31bKAN aKanas, Nick 4aThe New martianscNick Kanas  aChambSpringerc2014 aviii, 123p. aScience and fiction aExtraterrestrial physics aPhysics aSpace flight - psychological aspects - fiction